| 000 | 00633nam a22002297a 4500 | ||
|---|---|---|---|
| 005 | 20220728161741.0 | ||
| 008 | 220728b ||||| |||| 00| 0 eng d | ||
| 020 | _a8190120204 | ||
| 040 | _cAloy | ||
| 041 | _aeng | ||
| 082 |
_223 _a421.5 _bPATN |
||
| 100 |
_aDinkar B Patil _953872 |
||
| 245 | _aNew phonetic script | ||
| 260 |
_aBelgaum _bSpace Publications _c2000 |
||
| 300 |
_aviii,187p. _bHB _c24x18cm. |
||
| 365 |
_2Language _b310.00 _c₹ _d310.00 |
||
| 650 |
_aLanguage _953873 |
||
| 650 |
_aMechanism of Speaking _953874 |
||
| 650 |
_aWorld Root Scripts _953875 |
||
| 700 |
_aPATIL (Dinkar B) _953876 |
||
| 942 |
_2ddc _cGF |
||
| 999 |
_c224271 _d224271 |
||